Music Quiz

Random Music or Song Quiz

50 Hits to Click: 2006 Quiz Stats

 Plays Quiz Updated May 14, 2019

Score 0/50 Timer 06:00
5 Plays Today
% Correct
Rainbow
88%
Hips
87%
Life
84.1%
Chasing
82.7%
Bridge
81.9%
Wheel
80.8%
Young
76.6%
Secret
76.3%
Away
75.8%
Highway
75.7%
Bad
74.8%
Everytime
73.1%
Sins
72.6%
Man
70.1%
White
68.6%
Sober
68%
Stripper
67.6%
Smack
67.5%
Breaking
67.5%
Holding
67%
Dani
66.4%
Give
65.7%
Horse
63.6%
Girls
62.2%
Snap
62.1%
% Correct
Lips
62.1%
Pump
61%
Hang
58.4%
Lean
49.9%
Love
49.7%
Maker
48.4%
Proud
48.4%
Booty
48%
Blind
47.7%
Sick
45.9%
Stopper
40.6%
Check
38.6%
Public
38.4%
Goodbye
37.9%
Shoulder
33.6%
Shortie
32.8%
Whistle
32.8%
Savin'
31.3%
Wish
31%
Up
30.7%
Pullin'
30%
What
29.7%
Wind
26.7%
Touch
25.1%
Control
21.1%

You're not logged in!

Compare scores with friends on all Sporcle quizzes.
OR
Log In

Show Comments

Extras

Top Quizzes Today


Score Distribution

Your Account Isn't Verified!

In order to create a playlist on Sporcle, you need to verify the email address you used during registration. Go to your Sporcle Settings to finish the process.

Report this User

Report this user for behavior that violates our Community Guidelines.

Details: